Green gravy #14/ Beverly Lewis.
Available copies
- 1 of 1 copy available at LARL/NWRL Consortium.
- 1 of 1 copy available at Northwest Regional Library. (Show preferred library)
Current holds
0 current holds with 1 total copy.
Show Only Available Copies
| Location | Call Number / Copy Notes | Barcode | Shelving Location | Status | Due Date |
|---|---|---|---|---|---|
| Greenbush Public Library | j pb (Text) | 35500002693891 | Main | Available | - |
Record details
- ISBN: 1556619855 (pbk.)
- Physical Description: 77 p. : ill. ; 20 cm.
- Publisher: Minneapolis, Minn. : Bethany House, c1997.
Content descriptions
| Summary, etc.: | As Student of the Week, Carly makes a wish that ... Read More |
Search for related items by subject
| Subject: | Behavior > Fiction. Brothers and sisters > Fiction. Schools > Fiction. |
Search for related items by series
| LDR | 01034nam a2200265 a 4500 | ||
|---|---|---|---|
| 001 | 27234 | ||
| 003 | LARL_NWRL_CONSORTIUM | ||
| 005 | 19990416125212.2 | ||
| 008 | 970514s1997 mnua b 000 1 eng | ||
| 020 | . | ‡a1556619855 (pbk.) | |
| 035 | 0 | 0. | ‡ilcmarc/AVO-9767/NWRLTECH |
| 082 | 0 | 0. | ‡a[Fic] ‡221 |
| 092 | . | ‡aj LEW | |
| 100 | 1 | . | ‡aLewis, Beverly, ‡d1949- ‡0(LARL_NWRL_CONSORTIUM)110084 |
| 245 | 1 | 0. | ‡aGreen gravy ‡n#14/ ‡cBeverly Lewis. |
| 260 | . | ‡aMinneapolis, Minn. : ‡bBethany House, ‡cc1997. | |
| 300 | . | ‡a77 p. : ‡bill. ; ‡c20 cm. | |
| 490 | 0 | . | ‡aCul-de-sac kids ; ‡v14 |
| 520 | . | ‡aAs Student of the Week, Carly makes a wish that her classmates celebrate St. Patrick's Day by wearing green and eating green food but not everyone in the class agrees. | |
| 650 | 1. | ‡aBehavior ‡vFiction. | |
| 650 | 1. | ‡aBrothers and sisters ‡vFiction. ‡0(LARL_NWRL_CONSORTIUM)163634 | |
| 650 | 1. | ‡aSchools ‡vFiction. ‡0(LARL_NWRL_CONSORTIUM)167222 | |
| 901 | . | ‡a27234 ‡bISxN ‡c27234 ‡tbiblio | |

Add to basket
Permalink
Disable Highlighting